000 00416nam a2200169Ia 4500
008 230524s9999 xx 000 0 und d
020 _a8178083280
082 _a621.382
_bCOU
100 _aLeon W.Cough.II
245 0 _aDigital and Analog Communication Systems
250 _a6th
260 _aNEW DELHI
_bPearson
_c2005
300 _a774
500 _aQuantity Number: 11
650 _aElectronics
942 _cBK
999 _c7211
_d7211